Russkije: "obraz" naroda (sociologičeskij očerk)

Bibliographic Details
Main Author: Sikevič, Zinaida Vasil'jevna (Author)
Format: Book
Language:Russian
PhysicalDescription:152 s. 21 cm
Published: S.-Peterburg Sankt-Peterburgskij gosudarstvennyj universitet 1996
ISBN:5288015902
Subjects:

MARC

LEADER 00000nam a2200000 a 4500
001 vtls001370547
003 SK-MaSNL
005 20260302004830.0
008 251124s1996 RU a r 0 rus
020 |a 5288015902  |c [296,00] 
035 |a SNK000324326 
040 |a SNK  |b slo  |c SNK  |e AACR2 
044 |a RU 
080 |a 325.11(47=82)  |2 1981 
100 1 |a Sikevič, Zinaida Vasil'jevna  |4 aut  |9 645425 
245 1 0 |a Russkije: "obraz" naroda  |b (sociologičeskij očerk)  |c Z.V. Sikevič 
260 |a S.-Peterburg  |b Sankt-Peterburgskij gosudarstvennyj universitet  |c 1996 
300 |a 152 s.  |c 21 cm 
650 0 7 |a Rusi  |2 SNKPH  |9 26608 
650 0 7 |a migrácia obyvateľstva  |2 SNKPH  |9 3839 
651 7 |a Sovietsky zväz  |2 SNKPHgeo  |9 22126 
919 |a 5-288-01590-2 
999 |c 997337  |d 999267 
952 |t P60, <04>, [BOOK], {604}  |a SNK  |b SNK  |y VYP  |7 0  |p 17A0203203  |o snkIC 128038  |i snkV 1220/99  |0 0  |1 0  |4 0  |d 1999-09-08  |l 0  |r 2005-01-02 00:00:00  |w 2026-02-24